|
|
|
|
| LEADER |
00000nta a2200000 i 4500 |
| 001 |
dolg10904 |
| 005 |
20170906150859.0 |
| 008 |
170516suuuu hu om 000 hun d |
| 040 |
|
|
|a BGE Dolgozattár Repozitórium
|b hun
|
| 041 |
|
|
|a hu
|
| 100 |
1 |
|
|a Surina Nóra
|
| 245 |
1 |
0 |
|a Szakképző iskola szerepe a tanulók szocializációjában
|c Surina Nóra
|h [elektronikus dokumentum]
|
| 246 |
1 |
1 |
|a Szakképző iskola szerepe a tanulók szocializációjában
|
| 695 |
|
|
|a Szocializáció
|
| 695 |
|
|
|a Szakképzés
|
| 700 |
1 |
|
|a Thuma Dr. Orsolya
|e ths
|
| 856 |
4 |
0 |
|u http://dolgozattar.uni-bge.hu/10904/1/Szakdolgozat_Surina%20N%C3%B3ra.pdf
|z Dokumentum-elérés
|